000 00494nam a2200169 a 4500
005 20140310182406.0
008 000525s19uu xx 00 eng d
020 _a9719103003
050 _aHQ 792
_b.D278 1992
100 _ade la Torre, Visitacion R.
245 _aThe Filipino child /
_cVisitacion de la Torre.
260 _aPhilippines :
_bTower Book House,
_c1992.
300 _a469 p. :
_bill. col. ;
_c30 cm.
650 _aChild rearing
_xPhilippines
942 _cBK
_2lcc
999 _c12698
_d12698